[Event "BEL-ch U16"]
[Site "Blankenberge"]
[Date "2015.04.13"]
[Round "2"]
[White "Gyselinck, Thibault"]
[Black "Vanhercke, Nathan"]
[Result "0-1"]
[WhiteElo "1522"]
[BlackElo "1155"]
[PlyCount "62"]
[EventDate "2015.04.12"]
[EventType "swiss"]
[EventRounds "9"]
[EventCountry "BEL"]
[SourceTitle "CBM 166 Extra"]
[Source "ChessBase"]
[SourceDate "2015.06.18"]
[SourceVersion "1"]
[SourceVersionDate "2015.06.18"]
[SourceQuality "1"]

1. e4 e6 2. Nf3 d5 3. exd5 exd5 4. d4 c5 5. dxc5 Bxc5 6. Bb5+ Nc6 7. Qe2+ Nge7 8. 0-0 0-0 9. c3 Bg4 10. h3 Bxf3 11. Qxf3 d4 12. Rd1 Qb6 13. Bxc6 Nxc6 14. b3 dxc3 15. Nxc3 Ne5 16. Qg3 Qc7 17. Bb2 f6 18. Rac1 Rad8 19. Nd5 Qd6 20. Nxf6+ Qxf6 21. Rf1 Bxf2+ 22. Rxf2 Qxf2+ 23. Qxf2 Rxf2 24. Kxf2 Nd3+ 25. Ke3 Nxc1 26. Bxc1 Re8+ 27. Kf3 g6 28. Bh6 Re5 29. a3 Kf7 30. b4 g5 31. a4 Kg6 0-1

[Event "BEL-ch U16"]
[Site "Blankenberge"]
[Date "2014.04.16"]
[Round "6"]
[White "Gyselinck, Thibault"]
[Black "Ingelaere, Arthur"]
[Result "0-1"]
[WhiteElo "1208"]
[BlackElo "1645"]
[PlyCount "52"]
[EventDate "2014.04.??"]
[EventType "swiss"]
[EventRounds "9"]
[EventCountry "BEL"]
[SourceTitle "EXT 2015"]
[Source "ChessBase"]
[SourceDate "2014.11.20"]
[SourceVersion "1"]
[SourceVersionDate "2014.11.20"]
[SourceQuality "1"]

1. e4 c5 2. Nf3 Nc6 3. c3 e5 4. Bb5 Nge7 5. 0-0 g6 6. d3 a6 7. Bxc6 Nxc6 8. Bg5 f6 9. Be3 d5 10. exd5 Qxd5 11. h3 Be6 12. d4 cxd4 13. cxd4 exd4 14. Nxd4 Nxd4 15. Qxd4 Qxd4 16. Bxd4 Be7 17. Re1 Kf7 18. Nc3 Rhd8 19. Rad1 Bb4 20. a3 Be7 21. Bb6 Rxd1 22. Rxd1 Rc8 23. Nd5 Bd6 24. Be3 Rc2 25. b4 Ra2 26. Rd3 Ra1+ 0-1